ბათუმის შოთა რუსთაველის სახელმწიფო უნივერსიტეტის ბიბლიოთეკა

ტ.Х: უბისი: რენესანსი ურენესანსოდ.წ.1.ნ.2 (ბიბ.ჩანაწერი № 43241)

000 -LEADER
fixed length control field 01228nam a2200253Ia 4500
001 - CONTROL NUMBER
control field 9968
003 - CONTROL NUMBER IDENTIFIER
control field GE_BSU
008 - FIXED-LENGTH DATA ELEMENTS--GENERAL INFORMATION
fixed length control field 181216s||||||||xx |||||||||||||| ||und||
020 ## - INTERNATIONAL STANDARD BOOK NUMBER
International Standard Book Number 9789941444203
040 ## - CATALOGING SOURCE
Transcribing agency GE_BSU
080 ## - UNIVERSAL DECIMAL CLASSIFICATION NUMBER
Universal Decimal Classification number 930.22(479.22)+97(479.22)+27:008
100 ## - MAIN ENTRY--PERSONAL NAME
Personal name კაშია,ჯანრი
245 ## - TITLE STATEMENT
Title ტ.Х: უბისი: რენესანსი ურენესანსოდ.წ.1.ნ.2
245 ## - TITLE STATEMENT
Remainder of title ქართლის ცხოვრება და ქართველი ერის კავკასიის ქრისტიანული იმპერია
245 ## - TITLE STATEMENT
Statement of responsibility, etc. რედ.ხათუნა თოდუა.
260 ## - PUBLICATION, DISTRIBUTION, ETC.
Place of publication, distribution, etc. თბილისი
260 ## - PUBLICATION, DISTRIBUTION, ETC.
Name of publisher, distributor, etc. ქართული ბიოგრაფიული ცენტრი.
260 ## - PUBLICATION, DISTRIBUTION, ETC.
Date of publication, distribution, etc. 2013
300 ## - PHYSICAL DESCRIPTION
Extent 383გვ.ფოტო.21სმ.
300 ## - PHYSICAL DESCRIPTION
Dimensions დანართები გვ.372-383
653 ## - INDEX TERM--UNCONTROLLED
Uncontrolled term უბისი: რენესანსი ურენესანსოდ
653 ## - INDEX TERM--UNCONTROLLED
Uncontrolled term ქართლის ცხოვრება და ქართველი ერის კავკასიის ქრისტიანული იმპერია
942 ## - ADDED ENTRY ELEMENTS (KOHA)
Koha item type წიგნი
ეგზემპლარები
Withdrawn status Lost status Damaged status Not for loan Date acquired Barcode Date last seen Price effective from Koha item type
        2018-12-17 33283 2018-12-17 2018-12-17 წიგნი
        2018-12-17 33284 2018-12-17 2018-12-17 წიგნი